| 000 | 01739nam a2200481 a 4500 | ||
|---|---|---|---|
| 001 | 20669 | ||
| 003 | VRT | ||
| 005 | 20260128151007.0 | ||
| 008 | 100412s2009 xo o f f 000 0 slo d | ||
| 020 | _a9788096969012 (brož.) | ||
| 035 | _a(VRT)vtls010066560 | ||
| 039 | 9 |
_a202001281343 _bveronika _c201006090834 _dhana _c201006021256 _dargo _c201004120940 _dedita |
|
| 040 |
_aSVKBB _bslo _cUKB _eAACR2 |
||
| 041 | 1 |
_aslo _hslv |
|
| 044 |
_axo _cSK |
||
| 072 | 7 |
_a613 _xHygiena. Ľudské zdravie _2konspekt |
|
| 072 | 7 |
_a641 _xKuchárstvo. Potraviny. Varené jedlá _2konspekt |
|
| 080 |
_a641.561 _22001 |
||
| 080 |
_a(083.12) _22001 |
||
| 080 |
_a613.24 _22001 |
||
| 100 | 1 | _aHrobat, Breda | |
| 240 | 1 | 0 |
_a90-dnevna ločevalna dieta. _pNaslednjih 90 dni. _lSlovensky |
| 245 | 1 | 0 |
_a90-dňová rozlišovacia diéta _bchutné jedlá na ďalších 90 dní _nDruhý diel _pĎalších 90 dní : ako si udržať dosiahnutú hmotnosť _c[Breda Hrobat, Mojca Poljanšek ; zo slovinského originálu preložila a upravila Marianna Lesič] |
| 246 | 3 | _aDeväťdesiatdňová rozlišovacia diéta | |
| 246 | 3 | 0 | _aĎalších 90 dní |
| 250 | _a2. vyd. | ||
| 260 |
_aBratislava _bTrysk _c2009 |
||
| 300 |
_aXI, 91 s. _bil. |
||
| 650 | 0 | 7 |
_aredukčné diéty _2UKBPH |
| 650 | 0 | 7 |
_aoddelená strava _2SVKBBPH |
| 650 | 0 | 7 |
_ajedlá _2SVKBBPH |
| 653 | _a641.561 | ||
| 653 | _a613.24 | ||
| 653 | _a(083.12) | ||
| 655 | 7 |
_akuchárske knihy _2UKBPH |
|
| 700 | 1 |
_aPoljanšek, Mojca _4aut |
|
| 700 | 1 |
_aLesič, Marianna _4trl |
|
| 910 | _aukb | ||
| 942 |
_2ddc _cOLDO _n0 |
||
| 949 |
_61800460836 _aSL.D.77415 _bPV.3549-2010 |
||
| 949 |
_61800460837 _aSK.D.44968 _bPV.3550-2010 _s6707:20100614 |
||
| 999 |
_c20669 _d20669 |
||